[Event "IND-ch U15 47th"]
[Site "New Delhi"]
[Date "2022.11.30"]
[Round "4"]
[White "Tejas Shah, Jihan"]
[Black "Deboushnik, De"]
[Result "1/2-1/2"]
[WhiteElo "1860"]
[BlackElo "1651"]
[PlyCount "100"]
[EventDate "2022.11.28"]
[EventType "swiss"]
[EventRounds "11"]
[EventCountry "IND"]
[SourceTitle "CBM 211 Extra"]
[Source "ChessBase"]
[SourceDate "2023.01.31"]
[SourceVersion "1"]
[SourceVersionDate "2023.01.31"]
[SourceQuality "1"]

1. d4 Nf6 2. c4 e6 3. Nf3 d5 4. Nc3 Bb4 5. Qa4+ Nc6 6. e3 0-0 7. Qc2 Re8 8. Bd2 Bf8 9. a3 e5 10. dxe5 Nxe5 11. cxd5 Nxf3+ 12. gxf3 Nxd5 13. 0-0-0 a5 14. Bd3 g6 15. h4 Be6 16. h5 Ne7 17. hxg6 hxg6 18. Ne4 Nd5 19. Bc4 c6 20. Bc3 Bg7 21. Bxg7 Kxg7 22. Bxd5 cxd5 23. Qc3+ d4 24. Rxd4 Rc8 25. Rc4+ f6 26. Rxc8 Qxc8 27. Rd1 Qxc3+ 28. Nxc3 Rc8 29. Rd6 Kf7 30. Kd2 Rc7 31. Nb5 Re7 32. Nd4 Bc4 33. b3 Bf1 34. Ke1 Ba6 35. Rd5 Re5 36. Rxe5 fxe5 37. Ne2 Kf6 38. f4 g5 39. fxg5+ Kxg5 40. f3 Kh4 41. Kf2 Bxe2 42. Kxe2 Kg3 43. e4 Kg2 44. Ke3 Kg3 45. a4 b6 46. Ke2 Kg2 47. Ke3 Kg3 48. Ke2 Kg2 49. Ke3 Kg3 50. Ke2 Kg2 1/2-1/2

[Event "Uadjpur Pandiyar Memorial 7th"]
[Site "Uadjpur"]
[Date "2022.10.10"]
[Round "5"]
[White "Jeet, Jain"]
[Black "Deboushnik, De"]
[Result "1-0"]
[WhiteElo "2167"]
[BlackElo "1671"]
[PlyCount "77"]
[EventDate "2022.10.08"]
[EventType "swiss"]
[EventRounds "9"]
[EventCountry "IND"]
[SourceTitle "CBM 210 Extra"]
[Source "ChessBase"]
[SourceDate "2022.11.30"]
[SourceVersion "1"]
[SourceVersionDate "2022.11.30"]
[SourceQuality "1"]

1. e4 c5 2. Nf3 d6 3. Bb5+ Bd7 4. Bxd7+ Qxd7 5. 0-0 Nf6 6. d3 e6 7. Ng5 h6 8. Nh3 Be7 9. f4 Nc6 10. c4 0-0-0 11. a3 g5 12. Kh1 gxf4 13. Bxf4 Rdg8 14. Nc3 e5 15. Be3 Ng4 16. Bg1 Rg7 17. b4 Rhg8 18. Ra2 Nd4 19. Nd5 Bd8 20. Ne3 Rg6 21. Nf5 Rf6 22. Bxd4 exd4 23. Qe2 Ne3 24. Nxe3 dxe3 25. Rc1 Bb6 26. b5 Qe6 27. Qxe3 Qe5 28. Rf2 Bd8 29. Nf4 Rg4 30. Nd5 Rfg6 31. Rcf1 Bh4 32. Rxf7 Rxg2 33. Rc7+ Kd8 34. Rf8+ Qe8 35. Rxe8+ Kxe8 36. Nf4 Bf2 37. Nxg2 Rxg2 38. Kxg2 Bxe3 39. Rxb7 1-0